Fantasía inicial: Texto preescolar para niños y niñas de 3 a 4 años
Gespeichert in:
| Hauptverfasser: | , |
|---|---|
| Format: | Buch |
| Sprache: | Spanisch |
| Veröffentlicht: |
Santiago
Andrés Bello
2001
|
| Ausgabe: | 1a. ed |
| Schlagworte: | |
| Tags: |
Tag hinzufügen
Keine Tags, Fügen Sie den ersten Tag hinzu!
|
MARC
| LEADER | 00000nam a2200000 a 4500 | ||
|---|---|---|---|
| 001 | UCH0542 | ||
| 003 | CL-VaPUC | ||
| 008 | 090312e20010200CL |||||||||||||||||spa|d | ||
| 020 | |a 9561316943 | ||
| 082 | 0 | 4 | |a 372.21 |b RAM |2 21 |
| 100 | 0 | |a Ramírez Martínez, Amalia |e author |9 534750 | |
| 700 | 0 | |a Pérez-Cueto Deza, Monserrat |e author |9 534751 | |
| 245 | 1 | 0 | |a Fantasía inicial: Texto preescolar para niños y niñas de 3 a 4 años |
| 250 | |a 1a. ed | ||
| 300 | |a 115 p | ||
| 942 | |c BK | ||
| 945 | |d 20090312 00:00:00 |a dcastane | ||
| 260 | |a Santiago |b Andrés Bello |c 2001 | ||
| 650 | 7 | |a PREESCOLAR NIÑOS DE 3 A 4 AÑOS |2 CL-VaPUC |9 534752 | |
| 650 | 0 | |a Educación preescolar |9 260381 | |
| 650 | 0 | |a Lenguaje |9 265069 | |
| 650 | 7 | |a ESTRUCTURACION TEMPORAL |2 CL-VaPUC |9 534753 | |
| 650 | 7 | |a MOTRICIDAD FINA |2 CL-VaPUC |9 534754 | |
| 583 | |a last modification |c 20140401 10:25:07 |k Rodrigo Vera | ||
| 999 | |c 332836 |d 332834 | ||
| 952 | |0 0 |1 0 |4 0 |6 372_210000000000000_RAM_2001 |7 0 |8 A |9 420830 |a BIBEDU |b BIBEDU |d 2019-11-22 |i 4515919 |o 372.21 RAM 2001 |p 4515919 |r 2019-11-22 |w 2019-11-22 |y BK |k PAR | ||
| 952 | |0 0 |1 0 |4 0 |6 372_210000000000000_RAM_2001 |7 0 |8 A |9 420831 |a BIBEDU |b BIBEDU |d 2019-11-22 |i 4515927 |o 372.21 RAM 2001 |p 4515927 |r 2019-11-22 |w 2019-11-22 |y BK |k PAR | ||